Martini's atlas of the human body / (رقم التسجيلة. 21429)

تفاصيل مارك
000 -الفاتح
حقل البيانات ثابتة الطول 00992cam a22003378a 4500
001 - رقم الضبط
رقم الضبط 16477338
003 - محدد رقم الضبط
رقم الضبط OSt
005 - وقت وتاريخ اخر تعامل مع التسجيلة
رقم الضبط 20150408114013.0
008 - عناصر البيانات ثابتة الطول - معلومات عامة
حقل البيانات ثابتة الطول 100923s2012 cau 000 0 eng
010 ## - رقم ضبط مكتبة الكونجرس
رقم ضبط مكتبة الكونجرس 2010040165
020 ## - الرقم الدولى المعيارى للكتب
الرقم الدولى المعيارى للكتاب 9780321724564
035 ## - رقم ضبط النظام
رقم ضبط النظام (DNLM)101541995
040 ## - مصدر الفهرسة
وكالة الفهرسة الأصلية DNLM/DLC
وكالة النسخ DLC
042 ## - رمز التحقق
رمز التحقق pcc
050 00 - رقم طلب مكتبة الكونجرس
رقم التصنيف QM25
رقم المادة .M286 2012
060 10 - رقم الطلب بالمكتبة الطبية الوطنية
رقم التصنيف QS 17
082 00 - رقم تصنيف ديوى العشرى
رقم التصنيف 611
رقم الطبعة 22
100 1# - المدخل الرئيسى - إسم شخصى
الإسم الشخصى Martini, Frederic.
9 (RLIN) 10616
245 10 - بيان العنوان
العنوان Martini's atlas of the human body /
بيان المسئوليه,etc by Frederic H. Martini ; With William C. Ober, Art Coordinator and Illustrator ... [et al.].
246 1# - العنوان الموازى
عنوان صحيح/عنوان مختصر Atlas of the human body
250 ## - بيان الطبعة
بيان الطبعة 9th ed.
260 ## - PUBLICATION, DISTRIBUTION, ETC. (IMPRINT)
مكان الناشر او الموزع San Francisco :
اسم الناشر او الموزع Pearson Benjamin Cummings,
تاريخ النشر أو التوزيع c2012.
263 ## - تاريخ النشر المتوقع
تاريخ النشر المتوقع 1010
300 ## - الوصف المادى
التعداد p. ;
أبعاد الوعاء cm.
650 #0 - المدخل الاضافى بالموضوع-مصطلح موضوعى
مصطلح موضوعي أو اسم جغرافي كعنصر مدخل Human anatomy
التقسيم الفرعي الشكلي Atlases.
9 (RLIN) 10617
650 12 - المدخل الاضافى بالموضوع-مصطلح موضوعى
مصطلح موضوعي أو اسم جغرافي كعنصر مدخل Anatomy
التقسيم الفرعي الشكلي Atlases.
9 (RLIN) 10618
650 22 - المدخل الاضافى بالموضوع-مصطلح موضوعى
مصطلح موضوعي أو اسم جغرافي كعنصر مدخل Physiology
التقسيم الفرعي الشكلي Atlases.
9 (RLIN) 10619
700 1# - المدخل الاضافى - اسم شخصى
الإسم الشخصى Ober, William C.
9 (RLIN) 10620
942 ## - عناصر المدخل الإضافي( كوها)
مصدر التصنيف او مخطط الترفيف Dewey Decimal Classification
Koha [default] item type كتاب
المقتنيات
حالة الفقد نموذج السعر الفعال حالة تلف ليس للاعارة رقم الطلب تاريخ الاكتساب الموقع الحالي الباركود الفرع الرئيسي Date last seen نوع المادة فى نظام كوها مصدر التصنيف او خطة الترفيف Total Checkouts
  2013-03-10     611 M F M 2012-04-20 مكتبة كلية العلوم الطبية التطبيقية بالمجمعة - طالبات (AMF) 00084388 مكتبة كلية العلوم الطبية التطبيقية بالمجمعة - طالبات (AMF) 2013-03-10 كتاب Dewey Decimal Classification  
  2013-03-10     611 M F M 2012-04-20 مكتبة كلية العلوم الطبية التطبيقية بالمجمعة - طالبات (AMF) 00084389 مكتبة كلية العلوم الطبية التطبيقية بالمجمعة - طالبات (AMF) 2013-03-10 كتاب Dewey Decimal Classification  
  2013-03-10     611 M F M 2012-04-20 مكتبة كلية العلوم الطبية التطبيقية بالمجمعة - طالبات (AMF) 00084390 مكتبة كلية العلوم الطبية التطبيقية بالمجمعة - طالبات (AMF) 2013-03-10 كتاب Dewey Decimal Classification  
  2013-03-10     611 M F M 2012-04-20 مكتبة كلية العلوم الطبية التطبيقية بالمجمعة - طالبات (AMF) 00084391 مكتبة كلية العلوم الطبية التطبيقية بالمجمعة - طالبات (AMF) 2013-03-10 كتاب Dewey Decimal Classification  
  2013-03-10     611 M F M 2012-04-10 مكتبة مجمع الطالبات بالمجمعة (EMF) 00076743 مكتبة مجمع الطالبات بالمجمعة (EMF) 2013-03-10 كتاب Dewey Decimal Classification  
  2013-03-10     611 M F M 2012-04-10 مكتبة مجمع الطالبات بالمجمعة (EMF) 00076748 مكتبة مجمع الطالبات بالمجمعة (EMF) 2013-03-10 كتاب Dewey Decimal Classification